[Event "TCh-CHN Division A 2014"]
[Site "Taizhou CHN"]
[Date "2014.11.14"]
[Round "16.5"]
[Board "5"]
[White "Gao, Hanxue"]
[Black "Liu, Manli CHN"]
[Result "1/2-1/2"]
[WhiteElo "1766"]
[BlackElo "1988"]
[WhiteTeam "Qingdao Qingwei"]
[BlackTeam "Guangdong"]
[WhiteFideId "8608873"]
[BlackFideId "8608121"]
[EventDate "2014.04.12"]

1. d4 Nf6 2. c4 e6 3. Nf3 d5 4. Nc3 Be7 5. Bg5 h6 6. Bh4 O-O 7. e3 b6 8. Be2 Bb7
9. O-O Ne4 10. Bxe7 Qxe7 11. cxd5 exd5 12. Qb3 Rd8 13. Rac1 c5 14. dxc5 Nxc5 15.
Qc2 Nbd7 16. Rfd1 Nf6 17. Nd4 Rac8 18. a3 Nfe4 19. Bg4 Ne6 20. Qb3 N4c5 21. Qa2
Nd7 22. Nf5 Qf8 23. Nxd5 Bxd5 24. Qxd5 Rxc1 25. Rxc1 Ndc5 26. Qc4 Nd3 27. Rc3
Ne5 28. Qe2 g6 29. Ng3 Nxg4 30. Qxg4 Rd2 31. b4 Qd8 32. Nf1 Rb2 33. Qc4 Kh7 34.
Rc1 Qf6 35. Rc2 Rb1 36. Rc1 Rb2 37. Rc2 Rb1 38. Rc1 Rb2 39. Rc2 1/2-1/2

[Event "TCh-CHN Division A 2014"]
[Site "Taizhou CHN"]
[Date "2014.11.14"]
[Round "16.6"]
[Board "1"]
[White "Ma, Qun"]
[Black "Xu, Xiangyu CHN"]
[Result "1-0"]
[WhiteTitle "GM"]
[WhiteElo "2621"]
[BlackElo "2277"]
[WhiteTeam "Tianjing"]
[BlackTeam "Chengdu"]
[WhiteFideId "8603154"]
[BlackFideId "8608288"]
[EventDate "2014.04.12"]

1. e4 e5 2. Nf3 Nc6 3. Bb5 f5 4. d3 fxe4 5. dxe4 Nf6 6. O-O Bc5 7. Qd3 d6 8. Qc4
Qe7 9. Nc3 Bd7 10. Nd5 Nxd5 11. exd5 Nd4 12. Bxd7+ Qxd7 13. Nxd4 Bxd4 14. a4 O-O
15. c3 b5 16. Qc6 Qxc6 17. dxc6 Bb6 18. a5 Kf7 19. axb6 axb6 20. Rxa8 Rxa8 21.
f4 exf4 22. Bxf4 Ke6 23. Re1+ Kd5 24. Re7 Kxc6 25. Rxg7 Re8 26. Rxh7 Re4 27. Bg5
Rc4 28. Bd8 Kb7 1-0

[Event "TCh-CHN Division A 2014"]
[Site "Taizhou CHN"]
[Date "2014.11.14"]
[Round "16.6"]
[Board "3"]
[White "Malakhov, Vladimir"]
[Black "Liu, Guanchu"]
[Result "1/2-1/2"]
[WhiteTitle "GM"]
[BlackTitle "IM"]
[WhiteElo "2708"]
[BlackElo "2409"]
[WhiteTeam "Tianjing"]
[BlackTeam "Chengdu"]
[WhiteFideId "4120787"]
[BlackFideId "8603901"]
[EventDate "2014.04.12"]

1. Nf3 f5 2. g3 Nf6 3. Bg2 g6 4. b3 Bg7 5. Bb2 d6 6. d4 O-O 7. O-O Ne4 8. Nbd2
Nc6 9. c4 e5 10. dxe5 Nxd2 11. Qxd2 dxe5 12. Qd5+ Kh8 13. Qxd8 Rxd8 14. e4 f4
15. Rad1 Bg4 16. Rd5 Bxf3 17. Bxf3 Nd4 18. Bxd4 exd4 19. gxf4 c6 20. Rxd8+ Rxd8
21. Bg4 h5 22. Be6 Bh6 23. f5 gxf5 24. Bxf5 d3 25. Rd1 d2 26. Kf1 Kg7 27. Ke2
Kf6 28. Rg1 Bg5 29. Kd1 c5 30. Bg6 Rd4 31. h4 Bxh4 32. Bxh5 Rxe4 33. Kxd2 Bxf2
34. Rg6+ Ke5 35. Rg7 Be1+ 36. Kc2 Bb4 37. Rxb7 Rh4 38. Be2 Rh2 39. Re7+ Kd4 40.
Kb2 a5 41. a3 Be1 42. Kc2 Bg3 43. Rd7+ Ke4 44. Rd2 Bf4 45. Bd3+ Kd4 1/2-1/2

[Event "TCh-CHN Division A 2014"]
[Site "Taizhou CHN"]
[Date "2014.11.14"]
[Round "16.6"]
[Board "4"]
[White "Matnadze, Ana"]
[Black "Ni, Shiqun"]
[Result "1/2-1/2"]
[WhiteTitle "IM"]
[BlackTitle "WIM"]
[WhiteElo "2411"]
[BlackElo "2262"]
[WhiteTeam "Chengdu"]
[BlackTeam "Tianjing"]
[WhiteFideId "13601377"]
[BlackFideId "8608466"]
[EventDate "2014.04.12"]

1. d4 Nf6 2. g3 g6 3. Bg2 d5 4. Nf3 Bg7 5. O-O O-O 6. b3 c5 7. Bb2 Ne4 8. e3 Nc6
9. Ne5 Qc7 10. f4 Rd8 11. c4 Be6 12. Qe2 f5 13. Bxe4 fxe4 14. cxd5 Bxd5 15. Nc3
cxd4 16. Nxd5 Rxd5 17. Qc4 Qd6 18. exd4 Rc8 19. Rac1 e6 20. Qe2 Rd8 21. Nxc6
bxc6 22. Qxe4 Qd7 23. Rfe1 Kf7 24. Rc4 c5 25. Qc2 Bxd4+ 26. Bxd4 Rxd4 27. Rxc5
Rd1 28. Qxd1 Qxd1 29. Rxd1 Rxd1+ 30. Kg2 Rd2+ 31. Kf3 Rxa2 32. Rc7+ Kf6 33. Rxh7
e5 34. fxe5+ Kxe5 35. Kg4 Kf6 36. h4 a5 37. Rb7 Rd2 38. Rb6+ Kg7 39. Rb5 Rd3 40.
Kf4 Kh6 41. g4 Rd4+ 42. Kf3 a4 43. bxa4 Rxa4 44. Re5 Rb4 45. Re6 Rb3+ 46. Kf4
Rb4+ 47. Re4 Rb7 48. Ra4 Kg7 49. Ra5 Kh6 50. Re5 Rb4+ 51. Re4 Rb7 52. Rd4 Kg7
53. Ke5 Re7+ 54. Kf4 Rb7 55. g5 Kf7 56. Rd6 Rb4+ 57. Ke5 Rb7 58. Kd5 Rb5+ 59.
Ke4 Rb4+ 60. Ke5 Rb7 61. Rf6+ Kg7 62. Rc6 Re7+ 63. Kd6 Re4 64. Rc7+ Kg8 65. Re7
Rxh4 66. Ke5 Kf8 67. Ra7 Rb4 68. Ra8+ Kf7 69. Ra7+ Kf8 70. Rd7 Rb5+ 71. Rd5 Rb1
72. Rd6 Kf7 73. Rd7+ Kf8 74. Ke6 Rf1 75. Rd8+ Kg7 76. Rd7+ Kf8 77. Rd5 Kg7 78.
Rd7+ 1/2-1/2

[Event "TCh-CHN Division A 2014"]
[Site "Taizhou CHN"]
[Date "2014.11.14"]
[Round "16.6"]
[Board "5"]
[White "Ren, Xiaoyi"]
[Black "Khotenashvili, Bela"]
[Result "0-1"]
[BlackTitle "GM"]
[WhiteElo "2130"]
[BlackElo "2504"]
[WhiteTeam "Chengdu"]
[BlackTeam "Tianjing"]
[WhiteFideId "8608709"]
[BlackFideId "13602640"]
[EventDate "2014.04.12"]

1. d4 Nf6 2. c4 c5 3. e3 g6 4. Nf3 Bg7 5. Be2 O-O 6. O-O cxd4 7. exd4 d5 8. c5
Ne4 9. Nc3 Nc6 10. Be3 Nxc5 11. dxc5 d4 12. Nxd4 Nxd4 13. Rc1 Bf5 14. Bg4 Bd3
15. Re1 e5 16. Bxd4 Qxd4 17. Bf3 Rab8 18. Nd5 Rfe8 19. Be2 e4 20. Nc3 Bh6 21.
Ra1 Rbd8 22. Qb3 Qxc5 23. Qxb7 Bd2 24. Na4 Qd4 25. Bxd3 Bxe1 26. Bb5 Bxf2+ 27.
Kf1 Bg1 0-1

[Event "TCh-CHN Division A 2014"]
[Site "Taizhou CHN"]
[Date "2014.11.15"]
[Round "17.1"]
[Board "1"]
[White "Ma, Qun"]
[Black "Wang, Hao"]
[Result "1/2-1/2"]
[WhiteTitle "GM"]
[BlackTitle "GM"]
[WhiteElo "2621"]
[BlackElo "2710"]
[WhiteTeam "Tianjing"]
[BlackTeam "Beijing"]
[WhiteFideId "8603154"]
[BlackFideId "8602883"]
[EventDate "2014.04.12"]

1. e4 c5 2. Nf3 d6 3. d4 cxd4 4. Qxd4 Nc6 5. Bb5 Bd7 6. Bxc6 Bxc6 7. Nc3 Nf6 8.
Bg5 e6 9. O-O-O Be7 10. Qd3 O-O 11. Nd4 Qa5 12. h4 Rfc8 13. f4 Bd7 14. Nb3 Qb4
15. a3 Qc4 16. e5 Nd5 17. Nxd5 exd5 18. Bxe7 Qxf4+ 19. Rd2 Bf5 20. Bg5 Qg4 21.
Qxd5 Be4 22. Qd4 Bxc2 23. Qxg4 Bf5+ 24. Rc2 Rxc2+ 25. Kd1 Bxg4+ 26. Kxc2 dxe5
27. Rc1 f6 28. Be3 b6 29. Kd2 Rd8+ 30. Ke1 h6 31. Nd2 Kf7 32. Kf2 Rc8 33. Nc4
Ke6 34. a4 g5 35. hxg5 hxg5 36. a5 bxa5 37. b3 a4 38. b4 a6 39. Bc5 Rd8 40. Ra1
Bd1 41. Nb2 Rd2+ 42. Ke1 Rxb2 43. Kxd1 Rxg2 44. Rxa4 f5 45. Rxa6+ Kd5 46. Rd6+ 1/2-1/2

[Event "TCh-CHN Division A 2014"]
[Site "Taizhou CHN"]
[Date "2014.11.15"]
[Round "17.1"]
[Board "2"]
[White "Wang, Yue"]
[Black "Yu, Yangyi"]
[Result "1/2-1/2"]
[WhiteTitle "GM"]
[BlackTitle "GM"]
[WhiteElo "2711"]
[BlackElo "2705"]
[WhiteTeam "Tianjing"]
[BlackTeam "Beijing"]
[WhiteFideId "8601429"]
[BlackFideId "8603820"]
[EventDate "2014.04.12"]

1. Nf3 c5 2. c4 Nf6 3. Nc3 e6 4. e3 d5 5. d4 a6 6. cxd5 exd5 7. Be2 Bd6 8. O-O
O-O 9. dxc5 Bxc5 10. b3 Nc6 11. Bb2 Ba7 12. Rc1 h6 13. Na4 Ne4 14. Nd4 Bd7 15.
Nxc6 Bxc6 16. Bd4 Bb5 17. Bxa7 Rxa7 18. Re1 Ra8 19. Qd4 Bxa4 20. bxa4 Qa5 21.
Bf3 Nf6 22. h4 Rac8 23. Red1 Rc6 24. g4 Re8 25. Kg2 Ne4 26. Rxc6 bxc6 27. Rc1
Qd8 28. Rh1 a5 29. Qb2 Qd6 30. Rb1 Qe7 31. h5 f5 32. Qc2 fxg4 33. Bxe4 Qxe4+ 34.
Qxe4 Rxe4 35. Rb6 d4 36. exd4 Rxd4 37. Rxc6 Rxa4 38. Kg3 Rxa2 39. Ra6 a4 40.
Kxg4 a3 41. Kf3 Kf7 42. Ke3 Ra1 43. Kf3 Ke7 44. Rg6 Kf7 45. Ra6 a2 46. Kg2 Ke7
47. Ra7+ Kf6 48. Kh2 Kf5 49. Kg2 Kf4 50. Rf7+ Ke4 51. Ra7 Ke5 52. Ra5+ Ke6 53.
Ra6+ Kf5 54. Ra7 Kf6 55. Ra5 Rc1 56. Rxa2 Rc5 57. Ra6+ Kf7 58. Ra7+ Kg8 59. f3
Rxh5 60. Kg3 Rg5+ 61. Kh3 Kh7 62. Ra6 h5 63. Kh4 Rf5 64. Kg3 Rf6 65. Ra5 Kh6 66.
Rb5 Kg6 67. Ra5 Rf5 68. Ra7 Kh6 69. Rb7 g6 70. Rb6 Rg5+ 71. Kh3 Rg1 72. Kh2 Ra1
73. Kg3 Ra5 74. Rb4 Kg5 75. Rc4 Kf5 76. Rf4+ Ke6 77. Re4+ Re5 78. Ra4 Kf6 79.
Rf4+ Rf5 80. Ra4 g5 81. f4 g4 82. Ra6+ Kg7 83. Kh4 Rb5 84. Rc6 Kf7 85. Ra6 Rf5
86. Rb6 Rxf4 87. Rb5 Rf1 1/2-1/2

[Event "TCh-CHN Division A 2014"]
[Site "Taizhou CHN"]
[Date "2014.11.15"]
[Round "17.1"]
[Board "3"]
[White "Malakhov, Vladimir"]
[Black "Xiu, Deshun"]
[Result "1-0"]
[WhiteTitle "GM"]
[BlackTitle "GM"]
[WhiteElo "2708"]
[BlackElo "2553"]
[WhiteTeam "Tianjing"]
[BlackTeam "Beijing"]
[WhiteFideId "4120787"]
[BlackFideId "8603693"]
[EventDate "2014.04.12"]

1. e4 c5 2. Nf3 d6 3. d4 cxd4 4. Qxd4 Nc6 5. Bb5 Bd7 6. Qd3 Nf6 7. c4 g6 8. Nc3
Bg7 9. O-O O-O 10. h3 a6 11. Bxc6 Bxc6 12. Nd4 Rc8 13. Be3 Nd7 14. Rac1 Nc5 15.
Qc2 Ne6 16. Nxe6 fxe6 17. Qb3 Bxc3 18. Qxc3 Bxe4 19. Bh6 Rf7 20. Qe3 Bc6 21.
Qxe6 Qd7 22. Qe3 Re8 23. Rfe1 Qf5 24. Rc3 d5 25. b3 dxc4 26. Rxc4 Rd8 27. Qg3
Qd3 28. Qh4 Rd7 29. f3 Qd6 30. Bf4 Qf6 31. Qg3 Bd5 32. Rc8+ Rf8 33. Rxf8+ Kxf8
34. Be5 Qf5 35. Bc3 Rd6 36. Qh4 Re6 37. Rxe6 Qxe6 38. Qf4+ Ke8 39. Bd4 h5 40.
Kf2 Qf5 41. Qe3 Kd7 42. Bc5 e5 43. Qd2 Ke6 44. Qa5 Bc6 45. Qd2 Bd5 46. Kg1 e4
47. f4 Kd7 48. Be3 Qe6 49. Qd4 Qd6 50. Qg7+ Kc8 51. f5 gxf5 52. Qh8+ Kc7 53.
Qh7+ Qd7 54. Qxh5 Bf7 55. Qg5 Kc6 56. Kh2 Kb5 57. h4 Kb4 58. h5 Bxh5 59. Qxh5
Qd6+ 60. g3 Qd3 61. Bf4 Ka3 62. Qxf5 Kxa2 63. b4 Qe2+ 64. Kh3 b6 65. Kh4 Ka3 66.
Qe6 b5 67. Qd6 e3 68. Qxa6+ Kxb4 69. Qe6 Qh2+ 70. Kg4 e2 71. Kf3 Qh5+ 72. Kf2
Qh2+ 73. Ke1 Ka3 74. Qxe2 Qh1+ 75. Kd2 b4 76. Be5 Qb7 77. Qe3+ b3 78. Qc5+ Ka2
79. Qa5+ 1-0

[Event "TCh-CHN Division A 2014"]
[Site "Taizhou CHN"]
[Date "2014.11.15"]
[Round "17.1"]
[Board "4"]
[White "Zhao, Xue"]
[Black "Ni, Shiqun"]
[Result "1-0"]
[WhiteTitle "GM"]
[BlackTitle "WIM"]
[WhiteElo "2514"]
[BlackElo "2262"]
[WhiteTeam "Beijing"]
[BlackTeam "Tianjing"]
[WhiteFideId "8601283"]
[BlackFideId "8608466"]
[EventDate "2014.04.12"]

1. Nf3 c5 2. b3 Nf6 3. Bb2 e6 4. c4 d5 5. e3 Be7 6. Nc3 O-O 7. cxd5 Nxd5 8. Be2
Bf6 9. Rc1 Nb4 10. a3 Nd3+ 11. Bxd3 Qxd3 12. Na4 Bxb2 13. Nxb2 Qa6 14. Qc2 Nd7
15. Ng5 Nf6 16. Nd3 h6 17. h4 b6 18. Ne5 Bb7 19. Nd7 hxg5 20. Nxf6+ gxf6 21.
hxg5 f5 22. Qc3 f6 23. gxf6 Bxg2 24. Qe5 Qb7 25. Qg3+ Kf7 26. Rh7+ Kxf6 27. Qh4+
Ke5 28. Qf4+ Kf6 29. Qh6+ 1-0

[Event "TCh-CHN Division A 2014"]
[Site "Taizhou CHN"]
[Date "2014.11.15"]
[Round "17.1"]
[Board "5"]
[White "Wang, Jue"]
[Black "Khotenashvili, Bela"]
[Result "1/2-1/2"]
[WhiteTitle "WGM"]
[BlackTitle "GM"]
[WhiteElo "2353"]
[BlackElo "2504"]
[WhiteTeam "Beijing"]
[BlackTeam "Tianjing"]
[WhiteFideId "8604070"]
[BlackFideId "13602640"]
[EventDate "2014.04.12"]

1. e4 e5 2. Nf3 Nc6 3. Bb5 a6 4. Ba4 Nf6 5. O-O Nxe4 6. d4 b5 7. Bb3 d5 8. dxe5
Be6 9. Nbd2 Bc5 10. Qe2 Nxd2 11. Bxd2 O-O 12. Rad1 Bg4 13. Qd3 Bxf3 14. Qxf3
Nxe5 15. Qxd5 Qxd5 16. Bxd5 c6 17. Bb3 Rfe8 18. Ba5 Nc4 19. Bxc4 bxc4 20. Rfe1
h6 21. Kf1 Rxe1+ 22. Rxe1 Rb8 23. b3 cxb3 24. axb3 Bd4 25. Re4 c5 26. Ke2 h5 27.
f3 Rc8 28. Kd3 Bg1 29. h3 Rc6 30. Kc4 Rd6 31. Re2 Rd4+ 32. Kc3 Rd6 33. Bc7 Rg6
34. Kc4 h4 35. Bf4 Kh7 36. Kd5 Rf6 37. Bd2 Rg6 38. Be1 Rg5+ 39. Kc4 Rh5 40. Re4
g5 41. Re7 Kg6 42. Bc3 Rh7 43. Ra7 Kf5 44. Re7 Bf2 45. Kd5 Kg6 46. Ra7 Kf5 47.
Rxa6 Kf4 48. Ra4+ Kg3 49. Rg4+ Kh2 50. b4 cxb4 51. Bxb4 Bg3 52. c4 Kxg2 53. c5
Kxh3 54. c6 f6 55. Bd6 Kg2 56. c7 Rxc7 57. Bxc7 Kxf3 58. Rc4 Bxc7 59. Rxc7 h3
60. Rc3+ Kg2 61. Rc2+ Kg3 62. Rc3+ Kh4 63. Ke4 h2 64. Rc1 Kg4 65. Ke3 Kg3 66.
Ke4 Kg2 67. Rc2+ Kh3 68. Rc1 g4 69. Kf4 g3 70. Kf3 f5 71. Rb1 f4 72. Rc1 g2 73.
Rc8 g1=N+ 74. Kf2 Nf3 75. Rc1 Ng5 76. Rb1 f3 77. Rd1 Kg4 78. Rd4+ Kh3 79. Rd1
Kg4 80. Rd4+ Kh3 81. Rd1 Kg4 82. Rd4+ 1/2-1/2

[Event "TCh-CHN Division A 2014"]
[Site "Taizhou CHN"]
[Date "2014.11.15"]
[Round "17.2"]
[Board "1"]
[White "Liu, Guanchu"]
[Black "Li, Shilong"]
[Result "0-1"]
[WhiteTitle "IM"]
[BlackTitle "GM"]
[WhiteElo "2409"]
[BlackElo "2495"]
[WhiteTeam "Chengdu"]
[BlackTeam "Guangdong"]
[WhiteFideId "8603901"]
[BlackFideId "8600678"]
[EventDate "2014.04.12"]

1. e4 c5 2. Nf3 e6 3. c3 Nf6 4. e5 Nd5 5. d4 cxd4 6. Qxd4 Nc6 7. Qe4 f5 8. Qe2
Qc7 9. g3 Nde7 10. Na3 Ng6 11. Nb5 Qb8 12. Bf4 a6 13. Nbd4 Nxd4 14. Nxd4 b5 15.
Bg2 Bb7 16. Bxb7 Qxb7 17. O-O-O Rc8 18. Kb1 Be7 19. Bc1 Qe4+ 20. Qxe4 fxe4 21.
Rhe1 Rf8 22. Rxe4 Rxf2 23. h4 Rc5 24. Rde1 h5 25. Be3 Rg2 26. Nf3 Rd5 27. Bf4
Rd3 28. Rf1 Nxf4 29. gxf4 Rg3 30. Ng5 Rg4 31. Kc2 Rdg3 32. a4 Rxh4 33. axb5 axb5
34. Nf3 Rhh3 35. Nd4 b4 36. cxb4 Rg2+ 37. Ne2 Bxb4 38. Rxb4 Rxe2+ 39. Kb1 Rhh2
40. Rc1 Kf7 41. Rc7 Rd2 42. Rbb7 Ke7 43. Rc8 h4 44. Rh8 Kf7 45. Ka2 Kg6 46. Ka3
Kf5 47. Rf8+ Ke4 48. Rb4+ Rd4 49. Rxd4+ Kxd4 50. Rf7 Rg2 51. Rxd7+ Ke4 52. b4 h3
53. Rd8 h2 54. Rh8 Kxf4 55. b5 Kg3 56. b6 Rg1 0-1

[Event "TCh-CHN Division A 2014"]
[Site "Taizhou CHN"]
[Date "2014.11.15"]
[Round "17.2"]
[Board "2"]
[White "Laznicka, Viktor"]
[Black "Zeng, Chongsheng"]
[Result "1-0"]
[WhiteTitle "GM"]
[BlackTitle "GM"]
[WhiteElo "2667"]
[BlackElo "2540"]
[WhiteTeam "Chengdu"]
[BlackTeam "Guangdong"]
[WhiteFideId "316385"]
[BlackFideId "8603847"]
[EventDate "2014.04.12"]

1. d4 Nf6 2. c4 e6 3. Nf3 Bb4+ 4. Nbd2 b6 5. a3 Bxd2+ 6. Qxd2 Bb7 7. e3 O-O 8.
Be2 d6 9. b4 Nbd7 10. O-O e5 11. dxe5 dxe5 12. Bb2 Qe7 13. Rfd1 Rad8 14. Qc2 c5
15. Nd2 Qe6 16. f3 h5 17. Bd3 e4 18. Nxe4 Nxe4 19. Bxe4 Bxe4 20. Qxe4 Qxe4 21.
fxe4 Rfe8 22. Rd5 Nf8 23. bxc5 bxc5 24. Rxc5 Rxe4 25. Bd4 Ne6 26. Re5 Rxe5 27.
Bxe5 f6 28. Bg3 Rd3 29. Be1 Nc5 30. Kf2 Rb3 31. Kf3 Kf7 32. Bb4 Nd3 33. Ke4 Ke6
34. Kd4 Ne5 35. Ra2 a5 36. Be1 Rb8 37. Bg3 Rd8+ 38. Kc5 Rc8+ 39. Kb5 Nxc4 40. e4
g5 41. h3 h4 42. Bh2 f5 43. exf5+ Kxf5 44. a4 Ke4 45. Rf2 Kd4 46. Rf5 Rg8 47.
Rf7 Rc8 48. Bc7 Rg8 49. Rd7+ Kc3 50. Rd8 Rg7 51. Bxa5+ Nxa5 52. Kxa5 g4 53. Rh8
gxh3 54. gxh3 Ra7+ 55. Kb5 Rb7+ 56. Kc5 Rb4 57. a5 Rc4+ 58. Kb6 Rb4+ 59. Ka7 Kb3 1-0

[Event "TCh-CHN Division A 2014"]
[Site "Taizhou CHN"]
[Date "2014.11.15"]
[Round "17.2"]
[Board "3"]
[White "Li, Di"]
[Black "Xu, Yinglun"]
[Result "1/2-1/2"]
[WhiteTitle "FM"]
[WhiteElo "2209"]
[BlackElo "2410"]
[WhiteTeam "Chengdu"]
[BlackTeam "Guangdong"]
[WhiteFideId "8607508"]
[BlackFideId "8604940"]
[EventDate "2014.04.12"]

1. d4 d5 2. c4 e6 3. Nf3 Nf6 4. Nc3 Be7 5. Bg5 h6 6. Bxf6 Bxf6 7. Qb3 c6 8. e3
Nd7 9. Rd1 O-O 10. Bd3 Rb8 11. O-O b5 12. cxd5 cxd5 13. Ne2 Qb6 14. Nf4 Be7 15.
Bb1 Ba6 16. Qd3 Nf6 17. b4 Bxb4 18. Ne5 Rfd8 19. Rc1 Bd6 20. Rc6 Qb7 21. f3 Rbc8
22. Nxf7 Kxf7 23. Qg6+ Kg8 24. Nxe6 Rxc6 25. Nxd8 Qd7 26. Nxc6 Qxc6 27. Qc2 Qxc2
28. Bxc2 Kf8 29. Bd3 Ne8 30. Kf2 Nc7 31. h4 Bc8 32. h5 a5 33. e4 Ne6 34. Bxb5
Nxd4 35. Bd3 dxe4 36. Bxe4 Be6 37. Bb1 Bc5 38. Ke3 Bc4 39. Rd1 Ne2+ 40. Kd2 Bb4+
41. Ke3 Nc3 42. Rc1 Be6 43. a3 Nd5+ 44. Kd4 Bxa3 45. Rc6 Nf4 46. Ke5 Bd7 47. Rc7
Be8 48. Rc8 g5 49. hxg6 Nh5 50. g4 Bb2+ 51. Kd6 Ng7 52. Bc2 Ba3+ 53. Ke5 Bb2+
54. Kd6 Ba3+ 55. Kd5 Ke7 1/2-1/2

[Event "TCh-CHN Division A 2014"]
[Site "Taizhou CHN"]
[Date "2014.11.15"]
[Round "17.2"]
[Board "4"]
[White "Munguntuul, Batkhuyag"]
[Black "Ren, Xiaoyi"]
[Result "1-0"]
[WhiteTitle "IM"]
[WhiteElo "2438"]
[BlackElo "2130"]
[WhiteTeam "Guangdong"]
[BlackTeam "Chengdu"]
[WhiteFideId "4900758"]
[BlackFideId "8608709"]
[EventDate "2014.04.12"]

1. d4 Nf6 2. Nf3 g6 3. e3 Bg7 4. Bd3 d5 5. O-O O-O 6. Nbd2 c5 7. c3 c4 8. Bc2
Bf5 9. Re1 Ne4 10. Nxe4 Bxe4 11. Bxe4 dxe4 12. Nd2 Qd5 13. b3 b5 14. bxc4 bxc4
15. Ba3 Qe6 16. Qa4 Rc8 17. Rab1 Nd7 18. Nxe4 Qxe4 19. Qxd7 Qc2 20. Rec1 Qxa2
21. Bxe7 Bf8 22. Bf6 Rcb8 23. Ra1 Qd2 24. Qc6 Rc8 25. Qa6 Bh6 26. Be5 Bg7 27.
Bf4 h6 28. h3 g5 29. Bg3 Qd3 30. Qb7 Re8 31. Kh2 Qd2 32. Qb4 Qd3 33. Ra4 Qd2 34.
Rca1 Bf8 35. Qxc4 Rac8 36. Qd5 Rxc3 37. Rxa7 Re6 38. Qf5 Be7 39. Be5 Qc2 40. e4
Rcc6 41. Ra8+ Bf8 42. d5 Rxe5 43. Qxe5 Qc5 44. Rxf8+ Kxf8 45. Qh8+ 1-0

[Event "TCh-CHN Division A 2014"]
[Site "Taizhou CHN"]
[Date "2014.11.15"]
[Round "17.2"]
[Board "5"]
[White "Liu, Manli CHN"]
[Black "Matnadze, Ana"]
[Result "1/2-1/2"]
[BlackTitle "IM"]
[WhiteElo "1988"]
[BlackElo "2411"]
[WhiteTeam "Guangdong"]
[BlackTeam "Chengdu"]
[WhiteFideId "8608121"]
[BlackFideId "13601377"]
[EventDate "2014.04.12"]

1. e4 c6 2. d4 g6 3. Nc3 Bg7 4. Nf3 d6 5. Be2 Nf6 6. O-O O-O 7. h3 a5 8. a4 Na6
9. Be3 Nb4 10. Qd2 Qc7 11. Rac1 Rd8 12. Bh6 e5 13. Rfd1 Be6 14. Qe3 Re8 15. dxe5
dxe5 16. Bxg7 Kxg7 17. Ng5 Bd7 18. Bc4 Re7 19. Rd2 Be8 20. Rcd1 h6 21. Nf3 Nh5
22. Nh4 Nf4 23. Ne2 b5 24. Nxf4 exf4 25. Qd4+ Qe5 26. Qxe5+ Rxe5 27. axb5 cxb5
28. Bd5 Rd8 29. Nf3 Re7 30. c3 Na6 31. Nd4 Nc7 32. Ba2 Rb8 33. f3 b4 34. Bc4
bxc3 35. bxc3 Re5 36. Ra1 Rc5 37. Be2 a4 38. Ra3 Rb1+ 39. Kf2 Rc1 40. c4 Rb1 41.
Rda2 Bd7 42. Nb5 Nxb5 43. cxb5 Bxb5 44. Bxb5 Rcxb5 45. Rxa4 Rc5 46. Rd2 Rcc1 47.
Ke2 Re1+ 48. Kd3 Kf6 49. Ra5 Rbc1 50. Kd4 Red1 51. e5+ Kf5 52. e6+ Kxe6 53. Rxd1
Rxd1+ 54. Ke4 Rd2 55. Kxf4 Rxg2 56. h4 h5 57. Ra6+ Ke7 58. Ra7+ Kf6 59. Ra6+ Kg7
60. Ra7 Rb2 61. Rc7 Rb4+ 62. Kg3 Rb6 63. Ra7 Kf6 64. Rc7 Re6 65. Kf4 Ra6 66. Rb7
Ra4+ 67. Kg3 Ke6 68. Rb6+ Ke5 69. Rb5+ Kf6 70. Rb6+ Kg7 71. Rb7 Ra5 72. Rb6 f6
73. Rb7+ Kh6 74. Rf7 Ra6 75. Rf8 Kg7 76. Rb8 g5 77. Rb5 Kg6 78. hxg5 fxg5 79.
Rb3 Ra5 80. Rb8 Rf5 81. Rg8+ Kf7 82. Rh8 Kg6 83. Rg8+ Kh7 84. Rb8 Rf6 85. Re8
Kg6 86. Re5 h4+ 87. Kg2 Ra6 88. Re2 Rc6 89. Rb2 Rd6 90. Ra2 Rd5 91. Rb2 Kf5 92.
Ra2 Rd4 93. Ra8 Rd2+ 94. Kh3 Rf2 95. Rf8+ Ke5 96. Rf7 Ke6 97. Rf8 Ke5 98. Rf7
Ra2 99. Rf8 Rb2 100. Rf7 Rf2 101. Rf8 Ke6 102. Re8+ Kf7 103. Re3 Kf6 104. Ra3
Kf5 105. Ra5+ Kf4 106. Ra4+ Kxf3 107. Ra3+ Ke4 108. Ra4+ Kd3 109. Ra3+ Kc4 110.
Kg4 Rg2+ 111. Kh3 Rd2 112. Ra5 Rd5 113. Ra8 Rd3+ 114. Kh2 Rg3 115. Rd8 Kc5 116.
Rd7 Re3 117. Rg7 Re5 118. Kh3 Kd6 119. Kg4 Ke6 120. Rg8 Kf7 121. Rb8 Kf6 122.
Rf8+ Ke6 123. Rd8 Rd5 124. Re8+ Kd6 125. Rc8 Re5 126. Rd8+ Kc5 127. Ra8 Kd4 128.
Ra3 Rd5 129. Ra8 Ke3 130. Rf8 Re5 131. Rf7 Ke2 132. Rf8 Kd2 133. Rf7 Ke3 134.
Rf3+ Ke2 135. Rf7 Ke1 136. Rf6 Re8 137. Rf5 Rh8 138. Rf3 Ke2 139. Rh3 Rg8 140.
Ra3 Kf2 141. Ra2+ Ke3 142. Ra3+ Ke4 143. Ra4+ Ke5 144. Ra5+ Kf6 145. Ra6+ Kf7
146. Ra5 Rh8 147. Ra7+ Ke6 148. Ra6+ Kd5 149. Ra5+ Kc4 150. Ra3 Rg8 151. Rf3 Kd4
152. Ra3 Rg7 153. Ra4+ Kc3 154. Ra3+ Kb4 155. Rf3 Kc5 156. Ra3 Rh7 157. Rh3 Kd4
158. Kxg5 Rg7+ 159. Kxh4 Ke4 1/2-1/2

[Event "TCh-CHN Division A 2014"]
[Site "Taizhou CHN"]
[Date "2014.11.15"]
[Round "17.3"]
[Board "1"]
[White "Fang, Yuxiang"]
[Black "Yu, Ruiyuan"]
[Result "0-1"]
[BlackTitle "GM"]
[WhiteElo "2324"]
[BlackElo "2552"]
[WhiteTeam "Qingdao Qingwei"]
[BlackTeam "Jiangsu"]
[WhiteFideId "8605840"]
[BlackFideId "8603090"]
[EventDate "2014.04.12"]

1. c4 c6 2. d4 Nf6 3. Nc3 d5 4. cxd5 cxd5 5. Bf4 Nc6 6. e3 Bf5 7. Qb3 Na5 8.
Qa4+ Bd7 9. Qc2 e6 10. h3 Rc8 11. Bd3 Nc4 12. Nge2 b5 13. a3 a5 14. Qb3 Be7 15.
Qa2 b4 16. axb4 axb4 17. Nd1 O-O 18. b3 Na3 19. O-O Bb5 20. Bxb5 Rc2 21. Bd3
Rxa2 22. Rxa2 Qa5 23. f3 Rc8 24. Nb2 Ne8 25. Na4 Nd6 26. Nc5 Ndb5 27. Rc1 g5 28.
Bg3 Nc3 29. Nxc3 bxc3 30. Be1 Bxc5 31. Rxc3 Bf8 32. b4 Qxb4 33. Raxa3 Qxa3 34.
Rxa3 Bxa3 35. Kf1 Bc1 36. e4 Bb2 37. exd5 exd5 38. Bf2 Rb8 39. Be3 h6 40. f4 Re8
41. Bd2 f6 42. fxg5 hxg5 43. Bb5 Re6 44. Ba4 Bxd4 45. Bb3 Re5 46. Be1 Kg7 47. g4
Be3 48. Bg3 Bf4 49. Bf2 Bc1 50. h4 gxh4 51. Bxh4 d4 52. Bc2 Bg5 53. Bf2 Be3 54.
Bh4 Ra5 55. Bd3 Ra2 56. Be1 Kh6 57. Bh4 Rd2 58. Bf5 d3 59. Ke1 Rh2 0-1

[Event "TCh-CHN Division A 2014"]
[Site "Taizhou CHN"]
[Date "2014.11.15"]
[Round "17.3"]
[Board "3"]
[White "Li, Wenxiang"]
[Black "Naiditsch, Arkadij"]
[Result "0-1"]
[BlackTitle "GM"]
[WhiteElo "1846"]
[BlackElo "2719"]
[WhiteTeam "Qingdao Qingwei"]
[BlackTeam "Jiangsu"]
[WhiteFideId "8609748"]
[BlackFideId "4650891"]
[EventDate "2014.04.12"]

1. d4 Nf6 2. c4 e6 3. Nc3 Bb4 4. Qc2 O-O 5. a3 Bxc3+ 6. Qxc3 Qe8 7. g3 a5 8. b3
d6 9. Bg2 Ra7 10. Bb2 a4 11. b4 b5 12. c5 Bb7 13. Nf3 Ne4 14. Qd3 f5 15. O-O Bd5
16. Nd2 Nxd2 17. Qxd2 Bxg2 18. Kxg2 d5 19. Qd3 c6 20. Bc1 Nd7 21. Bf4 h6 22. Bd6
Rf7 23. f3 e5 24. e4 fxe4 25. fxe4 Nf6 26. Bxe5 Nxe4 27. Qe3 Qe6 28. Rae1 Rae7
29. Qe2 Qg6 30. Rf4 Rxf4 31. Bxf4 Nxg3 32. Qd1 Ne2+ 33. Bg3 Qe4+ 0-1